Llwytho...

Sulfur in the environmnet : atmospheric cycle part-1

Manylion Llyfryddiaeth
Prif Awdur: Nriagu, J O
Fformat: Printed Book
Iaith:Undetermined
English
Cyhoeddwyd: New York Wiley Interscience Publications 1978
Pynciau:
LEADER 00631nam a2200181Ia 4500
008 140306s9999 xx 000 0 und d
041 |a eng 
082 |a 628 .5  |b NRI/SU 
100 |a Nriagu, J O 
245 |a Sulfur in the environmnet : atmospheric cycle part-1 
260 |a New York  |b Wiley Interscience Publications  |c 1978 
300 |a 464 
365 |b USD.32.95 
440 |v Environmental science and technology 
650 |a Pollution 
942 |2 ddc  |c BK 
999 |c 117560  |d 117560 
952 |0 0  |1 0  |2 ddc  |4 0  |6 628__500000000000000_NRISU  |7 0  |9 116479  |a KAUHCV  |b KAUHCV  |d 2002-04-29  |g 32.95  |o 628 .5 NRI/SU  |p KAU_HCV-7450  |r 2014-03-22  |w 2014-03-22  |y BK